| 000 | 00384 a2200169 4500 | ||
|---|---|---|---|
| 001 | 191082 | ||
| 020 | _a978-85-8054-195-3 | ||
| 040 | _cMagnum | ||
| 100 | _aSamósata, Luciano de | ||
| 240 | 1 | 0 |
_aOs amigos da mentira _lpor |
| 245 | 1 | 0 | _aOs amigos da mentira |
| 300 | _a66 | ||
| 362 | 0 | _a2014 | |
| 440 | 1 | _aFino Traço | |
| 697 | _aLITERATURA JUVENIL ESTRANGEIRA | ||
| 942 | _cBK | ||
| 999 |
_c191082 _d191082 |
||